Priority setting, monitoring and evaluation in agricultural research (Record no. 43901)

MARC details
000 -LEADER
fixed length control field 00388nam a2200133Ia 4500
082 ## - DEWEY DECIMAL CLASSIFICATION NUMBER
Classification number 338.43
Item number SUR
100 ## - MAIN ENTRY--AUTHOR NAME
Personal name Joshi, P K
245 #0 - TITLE STATEMENT
Title Priority setting, monitoring and evaluation in agricultural research
260 ## - PUBLICATION, DISTRIBUTION, ETC. (IMPRINT)
Place of publication New Delhi
Name of publisher National Centre for Agricultural Economics
490 ## - SERIES STATEMENT
Series statement c2000
700 ## - ADDED ENTRY--PERSONAL NAME
Personal name Suresh, Pal
942 ## - ADDED ENTRY ELEMENTS (KOHA)
Koha item type Books
Holdings
Withdrawn status Lost status Damaged status Not for loan Home library Current library Date acquired Source of acquisition Full call number Accession Number Koha item type
        RRII Library RRII Library 16/12/2021 Gift 338.43 SUR G00650 Books